[Event "5th Rohde Open"]
[Site "Sautron FRA"]
[Date "2005.10.22"]
[Round "1"]
[White "Abergel,T"]
[Black "Primel,D"]
[Result "1-0"]
[WhiteElo "2436"]
[BlackElo "2082"]

1.e4 c5 2.Nc3 e6 3.Nf3 a6 4.d4 cxd4 5.Nxd4 b5 6.Bd3 Qb6 7.Nf3 Nc6 8.O-O Qb8
9.Re1 d6 10.Bf4 Nge7 11.e5 d5 12.Qd2 Bb7 13.Rad1 Ng6 14.Bg3 Bb4 15.a3 Ba5
16.b4 Bc7 17.Qg5 Bd8 18.Qh5 O-O 19.h4 Qc8 20.Ne2 Re8 21.Qg4 Nf8 22.Nf4 Ne7
23.Nd4 Nc6 24.Nh5 Ng6 25.Nf3 Qd7 26.Bf4 Nce7 27.Bg5 Rc8 28.Nxg7 Kxg7 29.Bf6+ Kg8
30.Qh5  1-0

[Event "5th Rohde Open"]
[Site "Sautron FRA"]
[Date "2005.10.23"]
[Round "2"]
[White "Smilga,A"]
[Black "Ivanov,Jo"]
[Result "0-1"]
[WhiteElo "2004"]
[BlackElo "2359"]

1.e4 c5 2.Nf3 e6 3.d4 cxd4 4.Nxd4 a6 5.Nc3 Qc7 6.Bd3 Nc6 7.Nxc6 dxc6 8.O-O e5
9.Be3 Nf6 10.h3 Be6 11.a4 Nd7 12.Qe2 Bc5 13.Bxc5 Nxc5 14.Bc4 a5 15.Rfd1 O-O
16.Rd2 Qb6 17.Nd1 Bxc4 18.Qxc4 Rfd8 19.Rxd8+ Rxd8 20.c3 Nb3  0-1

[Event "SCG First League w"]
[Site "Vrnjacka Banja SCG"]
[Date "2005.10.23"]
[Round "7"]
[White "Marcetic,Ma"]
[Black "Gaponenko,I"]
[Result "0-1"]
[WhiteElo "2258"]
[BlackElo "2432"]

1.e4 c5 2.Nf3 e6 3.d4 cxd4 4.Nxd4 a6 5.Nc3 b5 6.Be2 Bb7 7.Bf3 Qc7 8.O-O Nc6
9.Nxc6 dxc6 10.a4 Nf6 11.Qe2 e5 12.b3 Be7 13.Bb2 O-O 14.g3 Rad8 15.Rad1 Bc5
16.axb5 axb5 17.Rxd8 Rxd8 18.Nd1 Bc8 19.Ne3 Be6 20.Rd1 Rxd1+ 21.Nxd1 h6 22.Bg2 Bg4
23.Bf3 Bxf3 24.Qxf3 Qd6 25.Kg2 Nd7 26.Qe2 Nf6 27.f3 Nd7 28.Nf2 Bxf2 29.Qxf2 Nf8
30.Bc1 Ne6 31.Be3 Qd1 32.b4 Nd4 33.Bxd4 exd4 34.h4 h5 35.e5 d3 36.cxd3 Qxd3
37.Qb2  0-1

[Event "SCG First League w"]
[Site "Vrnjacka Banja SCG"]
[Date "2005.10.23"]
[Round "7"]
[White "Djingarova,E"]
[Black "Trivunovic,V"]
[Result "1-0"]
[WhiteElo "2358"]
[BlackElo "2011"]

1.e4 c5 2.Nf3 e6 3.d4 cxd4 4.Nxd4 a6 5.Nc3 Qc7 6.Be2 Bb4 7.Qd3 Nf6 8.O-O O-O
9.Bg5 Bxc3 10.Bxf6 gxf6 11.bxc3 Nc6 12.f4 Kh8 13.Kh1 Ne7 14.Qh3 Ng6 15.f5 Nf4
16.Qh6 Rg8 17.Rxf4 Rg7 18.Rf3 e5 19.Qxf6 Kg8 20.Nb3 b6 21.Rg3 Rxg3 22.hxg3 Bb7
23.Bd3 Qxc3 24.Qxb6 Bc6 25.Qa5 Qxa5 26.Nxa5 Bb5 27.a4 Bxd3 28.cxd3  1-0

[Event "5th Rohde Open"]
[Site "Sautron FRA"]
[Date "2005.10.24"]
[Round "3"]
[White "Smilga,A"]
[Black "Primel,D"]
[Result "0-1"]
[WhiteElo "2004"]
[BlackElo "2082"]

1.e4 c5 2.Nf3 e6 3.d4 cxd4 4.Nxd4 a6 5.Nc3 b5 6.a3 Bb7 7.Bd3 Qc7 8.O-O Nf6
9.Qe2 d6 10.f4 Nbd7 11.Nb3 Be7 12.Be3 O-O 13.a4 b4 14.Na2 Nxe4 15.Nxb4 a5
16.Bd4 d5 17.Bxe4 dxe4 18.Na2 Ba6 19.Qxe4 Bxf1 20.Rxf1 Nc5 21.Nxc5 Bxc5 22.Nc3 Bxd4+
23.Qxd4 Rfd8 24.Qe3 Rab8 25.Rb1 Rb4 26.g3 Rbd4 27.Re1 Rd2 28.Re2 Rxe2 29.Qxe2 Qb6+
30.Kh1 Qxb2 31.Ne4 Qa1+  0-1

[Event "5th Rohde Open"]
[Site "Sautron FRA"]
[Date "2005.10.24"]
[Round "3"]
[White "Picard,C"]
[Black "Makarov,M"]
[Result "0-1"]
[WhiteElo "2167"]
[BlackElo "2511"]

1.e4 c5 2.Nf3 e6 3.Nc3 a6 4.d4 cxd4 5.Nxd4 Qc7 6.g3 Bb4 7.Ne2 Nf6 8.Bg2 Be7
9.O-O O-O 10.h3 Nc6 11.a4 Rb8 12.g4 h6 13.f4 b5 14.axb5 axb5 15.Ng3 b4 16.Nce2 Bb7
17.Be3 Ra8 18.Qd2 Rxa1 19.Rxa1 Ra8 20.Rxa8+ Bxa8 21.Qd3 d6 22.Qa6 Bb7 23.Qb6 Qxb6
24.Bxb6 g5 25.f5 Nd7 26.Be3 Bf6 27.b3 Be5 28.Bd2 Nc5 29.Kf2 Kf8 30.Nc1 Nd4
31.Bxb4 Nxc2 32.Bxc5 dxc5 33.Nd3 Bd4+ 34.Ke2 Ba6 35.Bf1 Na1 36.Kd2 Nxb3+
37.Kc2 c4 38.Nb2 Na1+ 39.Kb1 c3 40.Nd3 c2+  0-1

[Event "II Open"]
[Site "Calvia ESP"]
[Date "2005.10.25"]
[Round "6"]
[White "Conquest,S"]
[Black "Kozlov,O"]
[Result "0-1"]
[WhiteElo "2514"]
[BlackElo "2233"]

1.e4 c5 2.Nf3 e6 3.Nc3 a6 4.d4 cxd4 5.Nxd4 b5 6.Bd3 Qb6 7.Nf3 Bb7 8.a4 Nf6
9.axb5 axb5 10.Rxa8 Bxa8 11.O-O b4 12.Be3 Qb7 13.Nb5 Be7 14.Qe2 O-O 15.Ra1 Nc6
16.Bg5 h6 17.Bh4 Qb8 18.e5 Nd5 19.Qe4 g6 20.Bxe7 Ncxe7 21.Qh4 Kg7 22.Nd6 Bc6
23.Qg3 Nc8 24.h4 Nxd6 25.exd6 Nf6 26.Nd4 Qb7 27.Re1 Nh5 28.Qe5+ f6 29.Qh2 e5
30.Nxc6 Qxc6 31.g3 Qxd6 32.Qg2 f5 33.Rd1 Nf6 34.Qf1 Qc5 35.Bc4 d5 36.Bb3 Rd8
37.Ra1 Ne4 38.Qe2 d4 39.Qa6 d3 40.Qa7+ Qxa7 41.Rxa7+ Kh8 42.cxd3 Rxd3 43.Bf7 Rd6
44.Rb7 g5 45.hxg5 Nxg5 46.Bh5 Rd2 47.Rxb4 Nh3+ 48.Kf1 Nxf2 49.Rb6 Ne4 50.Rxh6+ Kg7
51.Rg6+ Kh7 52.Kg1 Rxb2 53.Re6 Nxg3 54.Bg6+ Kg7 55.Bxf5 Nxf5 56.Rxe5 Kf6
57.Ra5 Kg5 58.Ra4 Ne3 59.Re4 Rg2+ 60.Kh1 Re2 61.Kg1 Kf5 62.Ra4 Rg2+ 63.Kh1 Rc2
64.Kg1 Nc4 65.Ra8 Ke4 66.Rf8 Ne3 67.Rf7 Rg2+ 68.Kh1 Rg8 69.Kh2 Nf5 70.Rf6 Rg5
71.Ra6 Kf3 72.Ra3+ Ne3 73.Rb3 Ra5 74.Kg1 Ra2 75.Kh1 Re2 76.Rb1 Kg3 77.Rg1+ Kh3
78.Rb1 Nf5  0-1

[Event "II Open"]
[Site "Calvia ESP"]
[Date "2005.10.25"]
[Round "6"]
[White "Nygren,K"]
[Black "Munar Rossello,P"]
[Result "1-0"]
[WhiteElo "2231"]
[BlackElo "2083"]

1.e4 c5 2.Nf3 e6 3.d4 cxd4 4.Nxd4 a6 5.Nc3 Qc7 6.f4 b5 7.Bd3 Bb7 8.Qe2 Nc6
9.Nf3 d6 10.Be3 Be7 11.O-O Nf6 12.a4 b4 13.Nd1 O-O 14.Nf2 e5 15.f5 d5 16.Bg5 dxe4
17.Nxe4 Nxe4 18.Qxe4 Nd4 19.Qh4 Nxf3+ 20.gxf3 Qc5+ 21.Kh1 Bxg5 22.Qxg5 f6
23.Qg4 Rac8 24.Rae1 Rfd8 25.Rg1 Rc7 26.b3 Rd4 27.Qh5 Re7 28.Bc4+ Kh8 29.Rxg7 Bxf3+
30.Qxf3 Rxc4 31.Rxe7  1-0

[Event "5th Rohde Open"]
[Site "Sautron FRA"]
[Date "2005.10.28"]
[Round "7"]
[White "Pham Minh Hoang"]
[Black "Geller,J"]
[Result "1/2-1/2"]
[WhiteElo "2466"]
[BlackElo "2490"]

1.e4 c5 2.Nf3 e6 3.d4 cxd4 4.Nxd4 a6 5.Nc3 Qc7 6.g3 Nc6 7.Bg2 Nf6 8.O-O Nxd4
9.Qxd4 Bc5 10.Qd3 d6 11.Bf4 h6 12.Rad1 e5 13.Be3 Be6 14.Bxc5 dxc5 15.Nd5 Bxd5
16.exd5 Qd6 17.f4 O-O 18.fxe5 Qxe5 19.d6 Qxb2 20.Rb1 Qxa2 21.Rxb7 Rad8 22.Rxf6 gxf6
23.Bd5 Qa1+ 24.Kg2 Kg7 25.Bxf7 Rxf7 26.Rxf7+ Kxf7 27.Qh7+ Ke6 28.Qe7+ Kd5
29.Qxd8 Qc3 30.Kh3 Qxc2 31.Qxf6 Kc6 32.Qe6 Qh7 33.d7+ Kc7 34.Qe5+ Kxd7 35.Qd5+ Ke8
36.Qa8+ Kf7 37.Qb7+ Kg8 38.Qb8+ Kg7 39.Qe5+ Kg8 40.Qe8+ Kg7 41.Qe5+ Kg8 42.Qb8+ Kg7
43.Qe5+  1/2-1/2

[Event "8th IM ZNG111"]
[Site "Kostrena CRO"]
[Date "2005.10.29"]
[Round "2"]
[White "Markovic,A"]
[Black "Loncar,R"]
[Result "0-1"]
[WhiteElo "2090"]
[BlackElo "2371"]

1.e4 c5 2.Nf3 e6 3.d4 cxd4 4.Nxd4 a6 5.Nc3 Qc7 6.a3 Nf6 7.Be2 Be7 8.Be3 O-O
9.O-O d6 10.f4 Nc6 11.Nb3 b5 12.Bf3 Bb7 13.Qd2 Rab8 14.g4 Nd7 15.Qf2 Bf6
16.g5 Bxc3 17.bxc3 Ne7 18.Bd2 f5 19.Nd4 Nc5 20.exf5 Nxf5 21.Rae1 Rbe8 22.Re2 Bxf3
23.Qxf3 d5 24.Re5 Ne4 25.Qd3 Nxd4 26.cxd4 Rf5 27.Rf3 Qf7 28.Kg2 Qh5 29.Be1 Qg4+
30.Bg3 Rxe5 31.dxe5 Rc8 32.h3 Qf5 33.Be1 Rc4 34.c3 Ra4 35.Qe3 Rxa3 36.Qb6 Ra2+
37.Kf1 h6 38.gxh6 Qg6 39.Qg1 Nd2+  0-1

[Event "9th Bavarian Open"]
[Site "Bad Wiessee GER"]
[Date "2005.10.30"]
[Round "2"]
[White "Bobras,P"]
[Black "Haldemann,P"]
[Result "1-0"]
[WhiteElo "2563"]
[BlackElo "2184"]

1.e4 c5 2.Nf3 e6 3.d4 cxd4 4.Nxd4 a6 5.Nc3 Qc7 6.Bd3 Nf6 7.O-O Nc6 8.Be3 Ne5
9.h3 Bc5 10.f4 Ng6 11.Kh1 d6 12.Qe1 O-O 13.f5 Ne5 14.Qh4 Bd7 15.Rf3 Nxf3
16.gxf3 Kh8 17.Rg1 Rg8 18.fxe6 fxe6 19.e5 dxe5 20.Bg5 Bc8 21.Ne4 Nxe4 22.Bxe4 g6
23.Bf6+ Rg7 24.Rxg6  1-0

[Event "ch-Elwood"]
[Site "Elwood AUS"]
[Date "2005.11.01"]
[Round "7"]
[White "Guthrie,A"]
[Black "Froehlich,P"]
[Result "0-1"]
[WhiteElo "2257"]
[BlackElo "2360"]

1.e4 c5 2.Nf3 a6 3.Nc3 e6 4.d4 cxd4 5.Nxd4 b5 6.g3 Bb7 7.Bg2 Nf6 8.O-O b4
9.Na4 Nxe4 10.Re1 d5 11.c4 bxc3 12.Nxc3 Bc5 13.Nxe4 dxe4 14.Bxe4 Bxe4 15.Rxe4 Qd5
16.Qa4+ Nd7 17.Ne2 O-O 18.Nc3 Qb7 19.Re2 Rfd8 20.Bg5 f6 21.Bf4 e5 22.Be3 Bxe3
23.Rxe3 Nf8 24.Rd1 Kh8 25.Red3 Rxd3 26.Rxd3 Qxb2 27.Qc6 Qb8 28.Ne4 Qc8 29.Qd5 Rb8
30.Rc3 Qh3 31.Rc1 h6 32.Qd6 Rc8 33.Rd1 Ne6 34.Qxa6 Nd4 35.Qd3 f5 36.Nd6 Rc3
37.Nf7+ Kh7 38.Nxe5 Rxd3 39.Rxd3 Ne2+  0-1

[Event "9th Bavarian Open"]
[Site "Bad Wiessee GER"]
[Date "2005.11.02"]
[Round "5"]
[White "Baramidze,D"]
[Black "Heinz,A"]
[Result "1-0"]
[WhiteElo "2542"]
[BlackElo "2363"]

1.e4 c5 2.Nf3 e6 3.d4 cxd4 4.Nxd4 a6 5.Nc3 b5 6.Bd3 Qb6 7.Nb3 Qc7 8.Qe2 Bb7
9.O-O Nf6 10.f4 b4 11.Nd1 d5 12.e5 Ne4 13.Nf2 Nxf2 14.Qxf2 Nd7 15.Be3 Be7
16.Rac1 O-O 17.c3 bxc3 18.Rxc3 Qb8 19.Na5 Bd8 20.Nxb7 Qxb7 21.Rb3 Qc6 22.Rc1 Qa4
23.Qc2 g6 24.Rb7 Qxc2 25.Rxc2 Nb8 26.Bc5 Re8 27.Bd6  1-0

[Event "9th Bavarian Open"]
[Site "Bad Wiessee GER"]
[Date "2005.11.03"]
[Round "6"]
[White "Brener,I"]
[Black "Haldemann,P"]
[Result "1-0"]
[WhiteElo "2334"]
[BlackElo "2184"]

1.e4 c5 2.Nf3 e6 3.d4 cxd4 4.Nxd4 a6 5.Nc3 Qc7 6.Bd3 Nf6 7.O-O Nc6 8.Nxc6 dxc6
9.f4 b5 10.e5 Nd5 11.Ne4 Be7 12.Kh1 Bb7 13.c4 Nb4 14.c5 O-O 15.Be2 a5 16.Nd6 Nd5
17.Rf3 b4 18.Bd3 g6 19.Qe2 f5 20.Bd2 Kg7 21.Be1 h5 22.Qf1 Rh8 23.Rh3 Rh6
24.Bh4 Bxh4 25.Rxh4 Bc8 26.Ne8+  1-0

[Event "Autumn Open"]
[Site "St Petersburg RUS"]
[Date "2005.11.03"]
[Round "6"]
[White "Kuzmin,Y"]
[Black "Golovenchits,B"]
[Result "1-0"]
[WhiteElo "2031"]
[BlackElo "2087"]

1.e4 c5 2.Nf3 e6 3.d4 cxd4 4.Nxd4 a6 5.Nc3 Bb4 6.Bd3 Bxc3+ 7.bxc3 d6 8.O-O Nf6
9.f4 e5 10.fxe5 dxe5 11.Nf5 Bxf5 12.Rxf5 Qc7 13.Rb1 Nbd7 14.Qe2 O-O 15.Bg5 b5
16.Rbf1 Ne8 17.Be7 f6 18.Bxf8 Nxf8 19.Qd2 Rc8 20.Rd1 Nd6 21.Rf2 Qxc3 22.Qxc3 Rxc3
23.a4 Rc6 24.axb5 axb5 25.Rb1 Rc5 26.Rd2 Ne6 27.Kf2 Nd4 28.Ke3 Rc3 29.Kf2 Kf7
30.g4 Ke6 31.Ra1 Rc7 32.Ra2 g6 33.Rd1 f5 34.gxf5+ gxf5 35.exf5+ N4xf5 36.Ra6 Ke7
37.Re1 Rc5 38.Ra7+ Kf6 39.Rxh7 e4 40.Bxe4 Nxe4+ 41.Rxe4 Rxc2+ 42.Kf3 Rc5
43.Rb7 Rd5 44.Rb6+ Nd6 45.h4 Kf5 46.Rf4+ Ke5 47.h5 Rd3+ 48.Kg4 Rd1 49.Rf3 Rd4+
50.Kg5 Kd5 51.h6 Ne4+ 52.Kg6 Kc5 53.Rb8 Rd6+ 54.Kg7 b4 55.Rf5+ Kc4 56.Rf4 Rd7+
57.Kg8  1-0

[Event "9th Bavarian Open"]
[Site "Bad Wiessee GER"]
[Date "2005.11.05"]
[Round "8"]
[White "Sill,T"]
[Black "Akesson,R"]
[Result "0-1"]
[WhiteElo "2262"]
[BlackElo "2486"]

1.e4 c5 2.Nf3 e6 3.Nc3 a6 4.d4 cxd4 5.Nxd4 b5 6.g3 Bb7 7.Bg2 Nf6 8.O-O b4
9.Nce2 Bxe4 10.Bxe4 Nxe4 11.Nf4 Nf6 12.Qf3 Ra7 13.Be3 Rc7 14.Rad1 Qc8 15.g4 Qb7
16.Qe2 Be7 17.g5 Ne4 18.f3 Nd6 19.Nb3 Nf5 20.Bf2 O-O 21.h4 Qb5 22.Rfe1 Rfc8
23.Rd2 Qxe2 24.Rexe2 Rc4 25.Ng2 d5 26.Na5 R4c7 27.Ne3 Nxe3 28.Bxe3 Nd7 29.Bf4 Rc5
30.Nb7 Rc4 31.Bd6 Bf8 32.Bxf8 Rxf8 33.h5 Rf4 34.Rf2 Ne5 35.Kg2 Nc4 36.Rd3 Nxb2
37.Rb3 Na4 38.Na5 Rc8 39.Kg3 Rd4 40.f4 Nc5  0-1

[Event "9th Bavarian Open"]
[Site "Bad Wiessee GER"]
[Date "2005.11.05"]
[Round "8"]
[White "Hammer,J"]
[Black "Braun,A"]
[Result "0-1"]
[WhiteElo "2278"]
[BlackElo "2465"]

1.e4 c5 2.Nf3 e6 3.Nc3 a6 4.d4 cxd4 5.Nxd4 b5 6.Bd3 Bb7 7.O-O d6 8.Qe2 Nf6
9.Bd2 Nbd7 10.a4 b4 11.Na2 Qb6 12.Be3 Qa5 13.c3 bxc3 14.b4 Qc7 15.Nxc3 Qxc3
16.Rfc1 Qxb4 17.Rab1 Qxa4 18.Rxb7 Be7 19.Nb3 d5 20.exd5 Nxd5 21.Ra1 Qc6 22.Na5 Qc3
23.Nb3 Qc8 24.Na5 O-O 25.Rc1 Qe8 26.Bxa6 Ba3 27.Ra1 Bb4 28.Bd4 e5 29.Nc6 exd4
30.Qb5 Nc5 31.Nxb4 Qxb5 32.Rxb5 Nxb4 33.Rxb4 Rxa6 34.Rxa6 Nxa6 35.Rxd4 Nc5
36.h4 Ne6 37.Re4 Rd8 38.g3 Rd5 39.Kg2 g6 40.Re3 Kg7 41.Re2 Rd4 42.Re3 Kf6
43.Rf3+ Ke7 44.Ra3 f5 45.Ra7+ Rd7 46.Ra4 Kf6 47.Ra6 h5 48.Rb6 f4 49.Ra6 Rd5
50.Ra7 Rd3 51.Ra6 f3+ 52.Kg1 Kf5 53.Kh2 Rd2 54.Kg1 Re2 55.Ra4 Rd2 56.Rb4 Nd4
57.Rb1 Kg4  0-1

[Event "ch-CRO"]
[Site "Vukovar CRO"]
[Date "2005.11.07"]
[Round "1"]
[White "Zelcic,R"]
[Black "Hulak,K"]
[Result "0-1"]
[WhiteElo "2533"]
[BlackElo "2507"]

1.e4 c5 2.Nf3 e6 3.d4 cxd4 4.Nxd4 a6 5.Nc3 d6 6.Be2 b5 7.O-O Bb7 8.Bh5 g6
9.Bf3 Nd7 10.a4 b4 11.Na2 Ne5 12.Be2 Nf6 13.Nxb4 Nxe4 14.a5 Qc7 15.c3 Bg7
16.f3 Nf6 17.Rf2 O-O 18.Qf1 Qc8 19.Be3 d5 20.Nb3 Nfd7 21.Bd4 f6 22.f4 Nc6
23.Nxc6 Bxc6 24.Nc5 e5 25.Nxd7 Bxd7 26.Bb6 Qb7 27.Rd1 Bc6 28.b4 Bh6 29.c4 d4
30.b5 Be4 31.bxa6 Qxa6 32.c5 Qc8 33.Bc4+ Kg7 34.Qe2 Bc6 35.Kh1 Bxf4 36.Rxd4 exd4
37.Rxf4 Qd7 38.Qf2 Rae8 39.Rxd4 Qxd4 40.Qxd4 Re1+ 41.Qg1 Rxg1+ 42.Kxg1 Re8
43.Kf2 Re4 44.Bf1 Ra4 45.a6 Kf7 46.a7 Ke7 47.g3 Kd7 48.Be2 Kc8 49.h4 Ra3
50.h5 f5 51.hxg6 hxg6 52.g4 f4 53.Bc4 Kb7 54.Bd8 Rc3 55.Bf7 Rc2+ 56.Ke1 f3
57.Bh4 g5 58.Bf2 Kxa7 59.Bg6 Ra2 60.Kf1 Ra1+ 61.Be1 Ka6 62.Kf2 Kb5 63.Bf7 Rc1
64.Bg6 Ra1 65.Bf7 Ra7 66.Bb3 Re7 67.Bd1 Rd7 68.Bc2 Kxc5 69.Kg3 Kc4 70.Bf5 Ra7
71.Bf2 Re7 72.Bb1 Kc3 73.Bf5 Kd2 74.Bc5 Re8 75.Bf2 Ke2 76.Bc2 Rh8 77.Bd4 Rb8
78.Bf2 Rb2 79.Bf5 Rb4 80.Bc8 Ra4 81.Be6 Rb4 82.Bc8 Rb2 83.Bd4 Rb8 84.Be6 Be4
85.Bf2 Rf8 86.Bc4+ Bd3 87.Bd5 Rf4 88.Bc6 Bc4 89.Bb7 Be6 90.Ba6+ Kd2 91.Bb6 Bc4
92.Bb7 Ke2 93.Bf2 Be6 94.Ba6+ Kd2 95.Bb6 Bxg4 96.Bd8 Ke1 97.Ba5+ Kd1 98.Bd8 Bh5
99.Kf2 g4 100.Bf1 Bf7  0-1

[Event "TCh-AUT 2005-6"]
[Site "Austria AUT"]
[Date "2005.11.18"]
[Round "1"]
[White "Grabher,H"]
[Black "Kleiser,G"]
[Result "1-0"]
[WhiteElo "2279"]
[BlackElo "2263"]

1.e4 c5 2.Nf3 e6 3.d4 cxd4 4.Nxd4 a6 5.Nc3 Qb6 6.Nb3 Qc7 7.Bd3 Nf6 8.O-O d6
9.a4 b6 10.Qe2 Nbd7 11.f4 Bb7 12.Be3 Be7 13.Kh1 O-O 14.Nd4 Nc5 15.Bf2 Rac8
16.Bg3 Qb8 17.Rae1 Rfd8 18.e5 Nxd3 19.exf6 Bxg2+ 20.Qxg2 Nxe1 21.Bxe1 Bxf6
22.Nc6 Rxc6 23.Qxc6 d5 24.a5 Rd6 25.Qa4 b5 26.Qb3 Rc6 27.Bg3 Qb7 28.Kg1 Rc4
29.Re1 Qa7+ 30.Kg2 Qc5 31.Re2 h5 32.Nd1 h4 33.Bf2 Qc7 34.Be3 Qxa5 35.Qd3 Qc7
36.Kg1 d4 37.Bc1 a5 38.Nf2 a4 39.Ne4 Be7 40.Rg2 b4 41.f5 exf5 42.Bh6 g6 43.Nd2 Rc5
44.Nf3 Ra5 45.Re2 a3 46.bxa3 bxa3 47.Qxd4 Bc5 48.Re8+  1-0

[Event "TCh-AUT 2005-6"]
[Site "Austria AUT"]
[Date "2005.11.19"]
[Round "2"]
[White "Baklan,V"]
[Black "Horvath,Cs1"]
[Result "1/2-1/2"]
[WhiteElo "2590"]
[BlackElo "2565"]

1.e4 c5 2.Nf3 e6 3.Nc3 a6 4.d4 cxd4 5.Nxd4 Qc7 6.Bd3 Nf6 7.f4 b5 8.e5 b4
9.Ne4 Nxe4 10.Bxe4 Bb7 11.Qf3 Nc6 12.Nxc6 Bxc6 13.Be3 Rc8 14.O-O-O d5 15.exd6 Bxd6
16.f5 exf5 17.Qxf5 g6 18.Qf3 O-O 19.Bxc6  1/2-1/2

[Event "2nd Bundesliga Ost 2005-6"]
[Site "Austria AUT"]
[Date "2005.11.19"]
[Round "3"]
[White "Mahdi,K"]
[Black "Papp,Ga"]
[Result "0-1"]
[WhiteElo "2359"]
[BlackElo "2474"]

1.e4 c5 2.Nf3 e6 3.d4 cxd4 4.Nxd4 a6 5.Nc3 b5 6.Bd3 Qb6 7.Nb3 Qc7 8.O-O Bb7
9.Bd2 Nf6 10.a3 d6 11.Qe2 Nbd7 12.a4 b4 13.Na2 d5 14.exd5 Nxd5 15.Rfe1 Bd6
16.Qh5 N7f6 17.Rxe6+ Kf8 18.Rxf6 Nxf6 19.Qh3 a5 20.Nd4 Be5 21.Nf5 h5 22.Qh4 g6
23.Bh6+ Rxh6 24.Nxh6 Qc6 25.f3 Qc5+ 26.Kh1 Qe3 27.Nxf7 Kxf7 28.Bc4+ Kg7 29.Re1 Qc5
30.Nc1 Ng4 31.Nd3 Qxc4 32.Qe7+ Qf7 33.Qxf7+ Kxf7 34.fxg4 Bf6  0-1

[Event "TCh-BEL 2005-6"]
[Site "Belgium BEL"]
[Date "2005.11.20"]
[Round "4"]
[White "Decoster,F"]
[Black "Siebrecht,S"]
[Result "0-1"]
[WhiteElo "2145"]
[BlackElo "2485"]

1.e4 c5 2.Nf3 e6 3.d4 cxd4 4.Nxd4 a6 5.Nc3 Qc7 6.Be3 Bb4 7.Qd2 Nf6 8.f3 d5
9.e5 Qxe5 10.a3 Be7 11.g4 Qc7 12.g5 Nfd7 13.O-O-O b5 14.Nf5 Bf8 15.Nxd5 exd5
16.Bf4 Qc6 17.Re1+ Kd8 18.Ne3 Nb6 19.Qa5 Be6 20.Bh3 Nd7 21.Nf5 Qc4 22.Be3 Bc5
23.Bf1 Bxe3+ 24.Nxe3 Qa4 25.Qd2 b4  0-1

[Event "WJun"]
[Site "Instanbul TUR"]
[Date "2005.11.21"]
[Round "12"]
[White "Maenhout,T"]
[Black "Rohit,G"]
[Result "0-1"]
[WhiteElo "2282"]
[BlackElo "2401"]

1.e4 c5 2.Nf3 e6 3.d4 cxd4 4.Nxd4 a6 5.Nc3 Qc7 6.Bd3 Nf6 7.O-O Be7 8.Kh1 d6
9.f4 O-O 10.Qf3 Nbd7 11.Bd2 Nc5 12.Rae1 Nfd7 13.Qg3 Qb6 14.Bc4 Qd8 15.Nf3 b5
16.Bd3 Bb7 17.Nd1 d5 18.Bc3 Nf6 19.Nf2 Rc8 20.exd5 Nxd3 21.Nxd3 Rxc3 22.bxc3 Nxd5
23.c4 bxc4 24.Nde5 Qc7 25.f5 exf5 26.Qh3 g6 27.Nd4 Bf6 28.Nef3 f4 29.Qh6 Ne3
30.Rxe3 Bg7 31.Re7 Qxe7 32.Qxf4 Qe4 33.Qxe4 Bxe4 34.Re1 Bd5 35.h3 Rb8 36.Re7 Bxd4
37.Nxd4 Rb2 38.Re5 Bb7 39.a4 Rb1+ 40.Kh2 Rd1 41.Re8+ Kg7 42.Ne6+ fxe6 43.Re7+ Kf6
44.Rxb7 Rc1 45.Rxh7 Ra1 46.Rc7 Rxa4 47.h4 Kf5 48.Rc5+ e5 49.Kg3 Ra3+ 50.Kf2 Rc3
51.Ra5 Rxc2+ 52.Kf3 Rc3+ 53.Kf2 Kf4 54.Rxa6 Rc2+ 55.Kg1 Kf5 56.g4+ Kxg4 57.Rxg6+ Kxh4
58.Kf1 Rd2 59.Ke1 Rd4 60.Ke2 Rg4 61.Re6 Re4+ 62.Kf3 Rf4+ 63.Ke3 c3 64.Rc6 Kg3
65.Rg6+ Rg4 66.Re6 Rc4 67.Rg6+ Kh4 68.Rg1 c2 69.Rc1 Kg5 70.Kd3 Rc5 71.Kd2 Kf6
72.Rf1+ Ke6 73.Rc1 Kd5 74.Ke3 Rc3+ 75.Kd2 Kd4 76.Ke2 e4  0-1

[Event "WJun"]
[Site "Instanbul TUR"]
[Date "2005.11.21"]
[Round "12"]
[White "Predojevic,B"]
[Black "Romanov,E"]
[Result "1-0"]
[WhiteElo "2558"]
[BlackElo "2479"]

1.e4 c5 2.Nf3 e6 3.Nc3 a6 4.d4 cxd4 5.Nxd4 Qc7 6.Bd3 Nf6 7.Qe2 Bd6 8.Ndb5 axb5
9.Nxb5 Qa5+ 10.Bd2 Bb4 11.Bxb4 Qxb4+ 12.c3 Qc5 13.e5 Ng4 14.Qxg4 Qxe5+ 15.Kd2 O-O
16.Qh4 g6 17.f4 Qg7 18.g4 Ra4 19.Rhf1 Nc6 20.b3 Ra5 21.a4 f6 22.Rae1 d5 23.g5 Bd7
24.Qg3 Nd8 25.Nd4 Ra8 26.h4 Rc8 27.h5 f5 28.Qe3 Re8 29.Qe5 Qxe5 30.Rxe5 Nf7
31.Re3 e5 32.hxg6 hxg6 33.fxe5 Rxe5 34.Rxe5 Nxe5 35.Nf3 Nf7 36.Re1 Re8 37.Rxe8+ Bxe8
38.Ke3 Kf8 39.Kd4 Ke7 40.Kc5 Nd6 41.a5 Kd7 42.Kxd5 Bf7+ 43.Ke5 Bxb3 44.Kf6 Ne4+
45.Kxg6 Nxc3 46.Bxf5+ Kd6 47.Nd2 Bd5 48.Kf6 Ne2 49.Ne4+ Kc6 50.Ke5 Nc1 51.Nc3 Bf7
52.Be4+ Kc7 53.Nb5+ Kb8 54.Nd6 Bh5 55.Nxb7 Nb3 56.Bd5 Nd2 57.Nd8 Ka7 58.Kf4 Bg6
59.Ke3 Nf1+ 60.Kd4 Ng3 61.Kc5 Ka6 62.Nc6 Ne4+ 63.Bxe4 Bxe4 64.Kd6 Kb5 65.Kc7 Ka6
66.Kd6 Kb5 67.Ne7 Kxa5 68.Ke5 Bh7 69.Kf6 Kb6 70.Ng6 Bg8 71.Nf8 Kc7 72.Ke7 Kc6
73.g6 Kd5 74.Nd7 Kd4 75.Kf6 Bb3 76.Ne5 Bc2 77.g7 Bh7 78.Nf3+  1-0

[Event "WJun Girls"]
[Site "Instanbul TUR"]
[Date "2005.11.21"]
[Round "12"]
[White "Tilenbaeva,J"]
[Black "Mongontuul,B"]
[Result "0-1"]
[WhiteElo "2019"]
[BlackElo "2408"]

1.e4 c5 2.Nf3 e6 3.d4 cxd4 4.Nxd4 a6 5.Nc3 Nc6 6.Bc4 Qc7 7.O-O Nf6 8.Bb3 Bc5
9.Nxc6 dxc6 10.Qf3 O-O 11.Ne2 Bd6 12.Ng3 c5 13.c3 b6 14.Bg5 Nd7 15.Rad1 Ne5
16.Qh5 Ng6 17.Rxd6 Qxd6 18.f4 c4 19.Bc2 Qc5+ 20.Kh1 f6 21.e5 fxg5 22.Ne4 Qxe5
23.Nxg5 Rxf4 24.Qxh7+ Kf8 25.Rd1 Qxg5 26.Bxg6 Qh6 27.g3 Bb7+  0-1

[Event "18th Belgrade Trophy"]
[Site "Obrenovac SCG"]
[Date "2005.11.24"]
[Round "3"]
[White "Volas,N"]
[Black "Dudukovic,N"]
[Result "0-1"]
[WhiteElo "2146"]
[BlackElo "2004"]

1.e4 c5 2.Nf3 e6 3.d4 cxd4 4.Nxd4 a6 5.Nc3 Qc7 6.Be3 Nf6 7.f3 Bb4 8.Qd2 d5
9.Bg5 e5 10.Bxf6 gxf6 11.O-O-O exd4 12.Qxd4 Bxc3 13.bxc3 Qf4+ 14.Rd2 Nc6
15.Qc5 dxe4 16.g3 Qg5 17.Qd6 Qe5 18.Qa3 Qa5 19.Qd6 Qxa2 20.Re2 Be6  0-1

[Event "18th Belgrade Trophy"]
[Site "Obrenovac SCG"]
[Date "2005.11.28"]
[Round "7"]
[White "Chelushkina,I"]
[Black "Dudukovic,N"]
[Result "0-1"]
[WhiteElo "2315"]
[BlackElo "2004"]

1.e4 c5 2.Nf3 e6 3.d4 cxd4 4.Nxd4 a6 5.Nc3 Qc7 6.Be3 Nf6 7.Bd3 d6 8.O-O Nbd7
9.a4 b6 10.f4 Bb7 11.Qf3 Be7 12.Rae1 O-O 13.Qh3 Nc5 14.Bf2 Nxd3 15.cxd3 Rfe8
16.Rc1 Rac8 17.Nde2 Qd8 18.Qe3 Nd7 19.d4 Nf6 20.h3 b5 21.axb5 axb5 22.b4 Rc4
23.Nxb5 Rxc1 24.Rxc1 Nxe4 25.Nc7 Rf8 26.d5 Nxf2 27.Qxf2 Qd7 28.dxe6 fxe6
29.Nd4 e5 30.Nde6 Rc8 31.b5 exf4 32.Qxf4 Bf6 33.b6 Be5 34.Qg5 Qa4 35.Re1 Qa5
36.Qe3 Qa2 37.Qe2 Qb3 38.Qe3 Qb2 39.Qf2 Qb3 40.Rf1 Bf6 41.Kh2 h6 42.Re1 Be5+
43.Rxe5 dxe5 44.Qf5 Qxb6 45.Qg6 Qxc7 46.Nxc7 Rxc7 47.Qe8+ Kh7 48.Qxe5  0-1

[Event "18th Belgrade Trophy"]
[Site "Obrenovac SCG"]
[Date "2005.11.30"]
[Round "9"]
[White "Chelushkina,I"]
[Black "Antic,De"]
[Result "0-1"]
[WhiteElo "2315"]
[BlackElo "2519"]

1.e4 c5 2.Nf3 e6 3.d4 cxd4 4.Nxd4 a6 5.Nc3 b5 6.Bd3 Qb6 7.Nb3 Qc7 8.O-O Bb7
9.Qe2 d6 10.Bd2 Nf6 11.a4 b4 12.Na2 d5 13.exd5 Nxd5 14.c3 bxc3 15.Nxc3 Nd7
16.Ne4 Nf4 17.Bxf4 Qxf4 18.Na5 Qc7 19.Nxb7 Qxb7 20.Qf3 Qb8 21.Rad1 Be7 22.Qe2 Qb6
23.Nd2 Nc5 24.Nc4 Qc7 25.a5 Nxd3 26.Rxd3 Rd8 27.Nb6 Rxd3 28.Qxd3 Qb7 29.Rc1 O-O
30.Rc4 Rd8 31.Qe2 g6 32.h4 h5 33.b3 Bf6 34.g3 Rd4 35.Kh2 Kg7 36.f3 Rxc4 37.bxc4 Qc6
38.Kg1  0-1

[Event "TCh-CZE Extraliga 2005-6"]
[Site "Czech Rep CZE"]
[Date "2005.12.03"]
[Round "5"]
[White "Smistik,M"]
[Black "Laznicka,V"]
[Result "0-1"]
[WhiteElo "2375"]
[BlackElo "2517"]

1.e4 c5 2.Nf3 e6 3.d4 cxd4 4.Nxd4 a6 5.Nc3 b5 6.Bd3 Bc5 7.Be3 d6 8.Qd2 Nf6
9.Nb3 Bxe3 10.Qxe3 Nbd7 11.O-O-O Qb6 12.Qxb6 Nxb6 13.Be2 Ke7 14.Bf3 Ra7 15.Na5 Bd7
16.Rd4 e5 17.Rd2 g5 18.Rhd1 g4 19.Rxd6 Nc8 20.Rxd7+ Rxd7 21.Nc6+ Ke6 22.Rxd7 gxf3
23.Rd1 fxg2 24.f3 Nh5 25.Nd5 Rg8 26.Rg1 f5 27.Kd2 Nd6 28.Nce7 Rg5 29.exf5+ Nxf5
30.Nxf5 Rxf5 31.Ne3 Rxf3 32.Rxg2 Nf4 33.Rg8 Rf2+ 34.Kc3 Re2 35.Re8+ Kf6 36.Nf1 Nd5+
37.Kb3 a5 38.c3 Nb6 39.Ng3 a4+ 40.Kb4 Rxb2+ 41.Kc5 Nc4 42.Rf8+ Ke7 43.Rb8 Na3
44.Rb7+ Ke6 45.Rxh7 Rxa2 46.Rh6+ Kf7 47.Ne4 Rb2 48.Nd6+ Kg7 49.Nf5+ Kf7 50.Nd6+ Kf8
51.Rh8+ Kg7 52.Rb8 Rb3 53.Ne4 Nb1 54.Rxb5 Rxb5+ 55.Kxb5 a3 56.Nc5 Nd2 57.Nd3 a2  0-1

[Event "2nd Bundesliga West 2005-6"]
[Site "Austria AUT"]
[Date "2005.12.04"]
[Round "5"]
[White "Schiestl,J"]
[Black "Muehlbacher,B"]
[Result "1/2-1/2"]
[WhiteElo "2157"]
[BlackElo "2116"]

1.e4 c5 2.Nf3 e6 3.d4 cxd4 4.Nxd4 a6 5.Nc3 b5 6.Bd3 Bb7 7.O-O d6 8.Qe2 Qc7
9.a4 b4 10.Na2 d5 11.Bd2 dxe4 12.Bxe4 Nf6 13.Bxb7 Qxb7 14.Nxe6 fxe6 15.Qxe6+ Kd8
16.Rad1 Nbd7 17.Bf4 Kc8 18.Rd4 Bc5 19.Rc4 Qd5 20.Qxd5  1/2-1/2

[Event "TCh-CZE Extraliga 2005-6"]
[Site "Czech Rep CZE"]
[Date "2005.12.04"]
[Round "6"]
[White "Petr,Ja"]
[Black "Berezjuk,S"]
[Result "1/2-1/2"]
[WhiteElo "2201"]
[BlackElo "2394"]

1.e4 c5 2.Nf3 e6 3.d4 cxd4 4.Nxd4 a6 5.Nc3 b5 6.Bd3 Qb6 7.Nb3 Qc7 8.O-O Nf6
9.Be3 Bb7 10.f3 d5 11.exd5 Nxd5 12.Nxd5 Bxd5 13.Nd2 Bc5 14.Qe1 O-O 15.Kh1 Bxe3
16.Qxe3 Nd7 17.Rfc1 Qe5 18.Qxe5 Nxe5 19.Be2 Rfc8 20.c3 Rab8 21.Kg1 f5 22.b3 Rd8
23.Rc2 Bc6 24.Rac1 Nd3 25.Bxd3 Rxd3 26.c4 Rbd8 27.cxb5 Bxb5 28.Nc4 f4 29.Re1 Rd1
30.Kf2 Kf7 31.Rxd1 Rxd1 32.Ke2 Rh1 33.h3 Kf6 34.a4 Be8 35.Nd2 Bg6 36.Rc6 Rg1
37.Kf2 Rd1 38.Ke2 Rg1 39.Kf2 Rd1 40.Ke2 Rg1 41.Kf2  1/2-1/2